"Tieta do Agreste": Personagens - Statistics

Estatísticas Gerais
  • Esse quiz foi jogado 22 vezes
  • A pontuação média é 8 de 15
Estatísticas das Respostas
Dicas Personagens % Correto
Irmã religiosa Perpétua
100%
A filha pródiga Tieta
100%
Aspirante a prefeito da cidade Ascânio
77%
Amiga de infância Carmosina
77%
Madrasta que sofre nas mãos do marido Tonha
77%
Irmã caçula Elisa
69%
Pai violento que a expulsa de casa Zé Esteves
62%
Motorista da marinete Jairo
46%
Amigo do bar e dos jogos de bilhar Osnar
46%
Sobrinho mais novo Peto
46%
Sobrinho mais velho Ricardo
38%
"Enteada" Leonora
31%
Cunhado desprezado Astério
8%
Célebre poeta Barbosinha
8%
Quer instalar a fábrica em Mangue Seco Mirko Stefano
8%
Nenhum quiz correspondente encontrado
Distribuição das Pontuações
Porcentagem de Pessoas com Cada Pontuação
Percentil de Números Respondidos
Sua Pontuação Histórica
Você não jogou esse quiz